暮色中的十字架 : (Record no. 105)
[ view plain ]
| 000 -LEADER | |
|---|---|
| fixed length control field | 00992nam a2200253Ia 4500 |
| 003 - CONTROL NUMBER IDENTIFIER | |
| control field | OSt |
| 005 - DATE AND TIME OF LATEST TRANSACTION | |
| control field | 20241011162828.0 |
| 008 - FIXED-LENGTH DATA ELEMENTS--GENERAL INFORMATION | |
| fixed length control field | 200731s9999 xx 000 0 und d |
| 020 ## - INTERNATIONAL STANDARD BOOK NUMBER | |
| International Standard Book Number | 750602764X |
| 020 ## - INTERNATIONAL STANDARD BOOK NUMBER | |
| International Standard Book Number | 9787506027649 |
| 040 ## - CATALOGING SOURCE | |
| Transcribing agency | 0 |
| 041 ## - LANGUAGE CODE | |
| Language code of text/sound track or separate title | chi |
| 050 ## - LIBRARY OF CONGRESS CALL NUMBER | |
| Classification number | BR115.C8 |
| Item number | .Z42 2007 |
| 100 ## - MAIN ENTRY--PERSONAL NAME | |
| Personal name | 赵林 |
| 245 ## - TITLE STATEMENT | |
| Title | 暮色中的十字架 : |
| Remainder of title | 赵林随思录 / |
| Statement of responsibility, etc. | 赵林 |
| 246 ## - VARYING FORM OF TITLE | |
| Title proper/short title | 暮色中的十字架 : |
| Remainder of title | 趙林隨思錄/ |
| 260 ## - PUBLICATION, DISTRIBUTION, ETC. | |
| Place of publication, distribution, etc. | 北京: |
| Name of publisher, distributor, etc. | 東方出版社, |
| Date of publication, distribution, etc. | 2007 |
| 300 ## - PHYSICAL DESCRIPTION | |
| Extent | 2, 183 p. |
| Other physical details | ; |
| Dimensions | 24 cm. |
| 505 ## - FORMATTED CONTENTS NOTE | |
| Formatted contents note | 在这些随感和反思中,既记载了作者在许多具体境遇中的生存体验,也反映了我对于一些文化现象的理论分析;字里行间既熔铸了炽烈的情感,也体现了冷峻的理性。<br/>本书收集了多年来作者对于人生经历的一些感受,以及对于文化问题的一些思考。 |
| 650 ## - SUBJECT ADDED ENTRY--TOPICAL TERM | |
| Topical term or geographic name entry element | Christianity and culture. |
| 650 ## - SUBJECT ADDED ENTRY--TOPICAL TERM | |
| Topical term or geographic name entry element | Conduct of life. |
| 650 ## - SUBJECT ADDED ENTRY--TOPICAL TERM | |
| Topical term or geographic name entry element | Philosophy. |
| 942 ## - ADDED ENTRY ELEMENTS (KOHA) | |
| Source of classification or shelving scheme | |
| Koha item type | Chinese Book |
| Withdrawn status | Lost status | Damaged status | Not for loan | Home library | Current library | Shelving location | Date acquired | Total Checkouts | Full call number | Barcode | Date last seen | Price effective from | Koha item type |
|---|---|---|---|---|---|---|---|---|---|---|---|---|---|
| GETS Theological Seminary Library | GETS Theological Seminary Library | General Stacks | 07/09/2020 | BR115.C8 .Z42 2007 | 00000105 | 07/09/2020 | 07/09/2020 | Chinese Book |